000 00526nam a2200193Ia 4500
003 GCL
008 140319s9999 xx 000 0 eng d
040 _aGCL /
_cGCL
082 0 4 _a006.6765
_bA I
100 1 _aAPPLE COMPUTER
245 1 0 _aINSIDE MACINTOSH : QUICK DRAW GX TYPOGRAPHY /
_cAPPLE COMPUTER
260 _a[S.N] :
_bADDISON - WESLEY PUBLISHING COMPANY ،
_c1994
300 _a640
650 0 4 _aPROGRAMMING
650 0 4 _aCOMPUTER GRAPHICS
650 0 4 _aMACINTOSH
650 0 4 _aQUICK DRAW GX
942 _2ddc
_cBK
999 _c10317
_d10317